| 000 | 00616nam a2200229Ia 4500 | ||
|---|---|---|---|
| 003 | OSt | ||
| 005 | 20221005070236.0 | ||
| 006 | a|||||r|||| 00| 0 | ||
| 007 | ta | ||
| 008 | 221004b |||||||| |||| 00| 0 kan d | ||
| 024 | _a59446 | ||
| 037 | _cTextual | ||
| 040 |
_aCRL _cCRL _bkan |
||
| 041 |
_2kan _akan |
||
| 082 | _aO33:gx, L0 | ||
| 100 |
_aRajagopalacharya M Au. _9605523 |
||
| 245 | 0 | _aPrabandha sourabha | |
| 260 |
_aMysore _bSuruchi prakashana India _c1970 |
||
| 650 | _aKANNAD LITERATURE | ||
| 942 |
_hO33:gx, L0 _cTEXL _2cc |
||
| 999 |
_c975950 _d975950 |
||